Health and safety in construction design (Record no. 104294)
[ view plain ]
| 000 -LEADER | |
|---|---|
| fixed length control field | 01295cam a2200325 4500 |
| 001 - CONTROL NUMBER | |
| control field | L129837 |
| 008 - FIXED-LENGTH DATA ELEMENTS--GENERAL INFORMATION | |
| fixed length control field | 050527n2005 000 0 eng u |
| 020 ## - INTERNATIONAL STANDARD BOOK NUMBER | |
| International Standard Book Number | 0566086700 |
| 035 ## - SYSTEM CONTROL NUMBER | |
| System control number | (Sirsi) u129837 |
| 041 ## - LANGUAGE CODE | |
| Language code of text/sound track or separate title | eng |
| 050 ## - LIBRARY OF CONGRESS CALL NUMBER | |
| Classification number | 690.22 |
| -- | 22 |
| 100 ## - MAIN ENTRY--PERSONAL NAME | |
| Personal name | Thorpe, Brian |
| 245 ## - TITLE STATEMENT | |
| Title | Health and safety in construction design |
| 260 ## - PUBLICATION, DISTRIBUTION, ETC. | |
| Place of publication, distribution, etc. | Aldershot |
| Name of publisher, distributor, etc. | Gower |
| Date of publication, distribution, etc. | 2005 |
| 300 ## - PHYSICAL DESCRIPTION | |
| Extent | xlii, 94p. |
| Dimensions | 25cm. |
| 350 ## - PRICE (NR) (BK AM CF MU VM SE) [OBSOLETE] | |
| Price | 22.50 |
| 490 ## - SERIES STATEMENT | |
| Series statement | Gower Leading Construction Series |
| 490 ## - SERIES STATEMENT | |
| Series statement | CITB Construction Skills HSD |
| 520 ## - SUMMARY, ETC. | |
| Summary, etc. | Practical guide to help any designer understand the implications of health and safety legislation for their role in a project. Also offers a realistic plan to help adopt a health and safety culture in the design process. |
| 590 ## - LOCAL NOTE (RLIN) | |
| Local note | IKA190705 |
| 650 ## - SUBJECT ADDED ENTRY--TOPICAL TERM | |
| Topical term or geographic name entry element | HEALTH AND SAFETY AT WORK ETC ACT 1974 |
| 650 ## - SUBJECT ADDED ENTRY--TOPICAL TERM | |
| Topical term or geographic name entry element | MANAGEMENT OF HEALTH AND SAFETY AT WORK REGULATIONS 1999 |
| 650 ## - SUBJECT ADDED ENTRY--TOPICAL TERM | |
| Topical term or geographic name entry element | CONTROL OF SUBSTANCES HAZARDOUS TO HEALTH |
| 650 ## - SUBJECT ADDED ENTRY--TOPICAL TERM | |
| Topical term or geographic name entry element | MANUAL HANDLING OPERATIONS REGULATIONS 1992 |
| 650 ## - SUBJECT ADDED ENTRY--TOPICAL TERM | |
| Topical term or geographic name entry element | CONSTRUCTION (HEALTH, SAFETY AND WELFARE) REGULATIONS 1996 |
| 650 ## - SUBJECT ADDED ENTRY--TOPICAL TERM | |
| Topical term or geographic name entry element | CONSTRUCTION (DESIGN AND MANAGEMENT) REGULATIONS 1994 |
| 690 ## - LOCAL SUBJECT ADDED ENTRY--TOPICAL TERM (OCLC, RLIN) | |
| Topical term or geographic name as entry element | BUILT ENVIRONMENT-CONSTRUCTION MANAGEMENT-CONSTRUCTION DESIGN AND MANAGEMENT |
| 942 ## - ADDED ENTRY ELEMENTS (KOHA) | |
| Suppress in OPAC | 0 |
| Withdrawn status | Lost status | Source of classification or shelving scheme | Damaged status | Not for loan | Home library | Current library | Shelving location | Date acquired | Cost, normal purchase price | Total Checkouts | Full call number | Barcode | Date last seen | Date last checked out | Copy number | Cost, replacement price | Price effective from | Koha item type |
|---|---|---|---|---|---|---|---|---|---|---|---|---|---|---|---|---|---|---|
| Dewey Decimal Classification | London | London | Books | 15/07/2005 | 21.25 | 2 | 690.22 THO | 30069946 | 06/08/2019 | 30/03/2006 | 1 | 21.25 | 06/08/2019 | Book |